Ecos de medio siglo de apostolado.
محفوظ في:
| المؤلف الرئيسي: | |
|---|---|
| التنسيق: | كتاب |
| اللغة: | الإسبانية |
| منشور في: |
Santiago, Chile
Imprenta y Editorial San Francisco.
1943
|
| الموضوعات: | |
| الوسوم: |
إضافة وسم
لا توجد وسوم, كن أول من يضع وسما على هذه التسجيلة!
|
MARC
| LEADER | 00000nam a2200000 a 4500 | ||
|---|---|---|---|
| 001 | UCJ6171 | ||
| 003 | CL-VaPUC | ||
| 005 | 20250103100402.0 | ||
| 008 | 070124e19430000CL |||||||||||||||||spa|d | ||
| 999 | |c 322279 |d 322277 | ||
| 040 | |c Pontificia Universidad Católica de Valparaíso | ||
| 082 | 0 | 4 | |a 282 CON 1943 |2 21 |
| 100 | 0 | |a Contardo, Prudencio |9 512538 | |
| 245 | 1 | 0 | |a Ecos de medio siglo de apostolado. |
| 260 | 0 | 3 | |a Santiago, Chile |b Imprenta y Editorial San Francisco. |c 1943 |
| 300 | |a 2 volúmenes. | ||
| 500 | |a Donación Padres Capuchinos | ||
| 583 | |a last modification |c 20070124 00:00:00 |k Rodrigo Vera | ||
| 600 | 0 | 7 | |a CARO RODRIGUEZ, JOSE MARIA |2 CL-VaPUC |9 257421 |
| 600 | 0 | |a Antonio de Padua, |c Santo, |d 1195-1231 |9 512539 | |
| 600 | 0 | 7 | |a TERESA DE JESUS |2 CL-VaPUC |9 399268 |
| 600 | 0 | 7 | |a LUIS GONZAGA |2 CL-VaPUC |9 512540 |
| 600 | 0 | 7 | |a FILOMENA |2 CL-VaPUC |9 512472 |
| 600 | 0 | 7 | |a JUANA DE ARCO |2 CL-VaPUC |9 442364 |
| 650 | 0 | |a Oratoria sagrada |9 315619 | |
| 650 | 0 | |a Iglesia Católica |9 256114 | |
| 650 | 0 | |a Apostolado |9 398055 | |
| 650 | 7 | |a SANTOS |2 CL-VaPUC |9 313738 | |
| 650 | 0 | |a Cristología |9 315091 | |
| 650 | 0 | |a Sacerdotes |9 315705 | |
| 650 | 0 | |a Religiosas |9 438133 | |
| 650 | 0 | |a Mariología |9 365249 | |
| 942 | |c BK |2 ddc | ||
| 945 | |d 20070124 00:00:00 |a rinostro | ||
| 952 | |0 0 |1 0 |2 ddc |4 0 |6 282_000000000000000_CON_1943 |7 0 |8 X |9 401236 |a FDOBUD |b FDOBUD |d 2019-11-22 |h v.1 |i 1044427 |o 282 CON 1943 |p 1044427 |r 2019-11-22 |t 1 |w 2019-11-22 |y BK_X |k BUD | ||
| 952 | |0 0 |1 0 |2 ddc |4 0 |6 282_000000000000000_CON_1943 |7 0 |8 X |9 401237 |a FDOBUD |b FDOBUD |d 2019-11-22 |h v.2 |i 1044435 |o 282 CON 1943 |p 1044435 |r 2019-11-22 |t 1 |w 2019-11-22 |y BK_X |k BUD | ||
| 952 | |0 0 |1 0 |2 ddc |4 0 |6 282_000000000000000_CON_1943 |7 0 |8 X |9 401238 |a FDOBUD |b FDOBUD |d 2019-11-22 |i 4402006 |o 282 CON 1943 |p 4402006 |r 2019-11-22 |t 1 |w 2019-11-22 |y BK_X |k BUD | ||
| 952 | |0 0 |1 0 |2 ddc |4 0 |6 282_000000000000000_CON_1943 |7 0 |8 X |9 401239 |a FDOBUD |b FDOBUD |d 2019-11-22 |h v.2 |i 4437799 |o 282 CON 1943 |p 4437799 |r 2019-11-22 |t 2 |w 2019-11-22 |y BK_X |k BUD | ||